The land of milk and honey. (Record no. 13635)

000 -LEADER
fixed length control field 00753nam a2200217 a 4500
001 - CONTROL NUMBER
control field :::00011458$&:&@@
003 - CONTROL NUMBER IDENTIFIER
control field OkBaRHE
005 - DATE AND TIME OF LATEST TRANSACTION
control field 20000607103408.0
008 - FIXED-LENGTH DATA ELEMENTS--GENERAL INFORMATION
fixed length control field s1977 j 000 0 eng u
040 ## - CATALOGING SOURCE
Transcribing agency
100 1# - MAIN ENTRY--PERSONAL NAME
Personal name Basansky, Bill.
245 14 - TITLE STATEMENT
Title The land of milk and honey.
260 ## - PUBLICATION, DISTRIBUTION, ETC. (IMPRINT)
Place of publication, distribution, etc Orleans, MA., :
Name of publisher, distributor, etc Rock Harbor Press
Date of publication, distribution, etc c1977
300 ## - PHYSICAL DESCRIPTION
Extent 205 p. : illus. ;
Dimensions 22 cm.
650 ## - SUBJECT ADDED ENTRY--TOPICAL TERM
Topical term or geographic name as entry element Basansky, Bill.
650 ## - SUBJECT ADDED ENTRY--TOPICAL TERM
Topical term or geographic name as entry element Converts
General subdivision United States
-- Biography
700 ## - ADDED ENTRY--PERSONAL NAME
Personal name Manuel, David, Joint author.
942 ## - ADDED ENTRY ELEMENTS (KOHA)
Source of classification or shelving scheme
Koha item type Books
Copies
Not for loan Price effective from Source of classification or shelving scheme Date acquired Copy number Date last seen Lost status Damaged status Permanent Location Koha item type Full call number Shelving location Withdrawn status Barcode
 2010-04-14 2010-04-1412010-04-14  RHEMA Bible Training CollegeBooksBV 4935 .B23A34General Stacks 11458
 2010-04-14 2010-04-1422010-04-14  RHEMA Bible Training CollegeBooksBV 4935 .B23A34General Stacks 15346